书目信息 |
| 题名: |
Perfect完美身材训练法
|
|
| 作者: | 王新凤 编著 | |
| 分册: | ||
| 出版信息: | 北京 北京科学技术出版社 2005.07 |
|
| 页数: | 70页 | |
| 开本: | 21cm | |
| 丛书名: | ||
| 单 册: | ||
| 中图分类: | G831.3 | |
| 科图分类: | ||
| 主题词: | 健身运动--jian shen yun dong--基本知识 | |
| 电子资源: | ||
| ISBN: | 7-5304-3050-5 | |
| 000 | 00797nam0 2200217 450 | |
| 001 | 012006764776 | |
| 005 | 20060925100024.21 | |
| 010 | @a7-5304-3050-5@dCNY22.00 | |
| 100 | @a20060625d2005 km y0chiy0120 ea | |
| 101 | 0 | @achi |
| 102 | @aCN@b110000 | |
| 105 | @aa z 000yy | |
| 200 | 1 | @aPerfect完美身材训练法@APerfect wan mei shen cai xun lian fa@f王新凤编著@Fwang xin feng bian zhu |
| 210 | @a北京@c北京科学技术出版社@d2005.07 | |
| 215 | @a70页@c图@d21cm | |
| 330 | @a本书包括正确减肥、美体塑身、身心运动三章,介绍了完美腹部训练、完美腿部和臀部训练、完美胸部训练、完美背部和肩部训练、伸展塑造完美线条等内容。 | |
| 606 | 0 | @a健身运动@Ajian shen yun dong@x基本知识 |
| 690 | @aG831.3@v4 | |
| 701 | 0 | @a王新凤@Awang xin feng@4编著 |
| 801 | 0 | @aCN@bQSSK@c20060925 |
| 905 | @a10447@dG831.3@eW391 | |
| Perfect完美身材训练法/王新凤编著.-北京:北京科学技术出版社,2005.07 |
| 70页:图;21cm |
| ISBN 7-5304-3050-5:CNY22.00 |
| 本书包括正确减肥、美体塑身、身心运动三章,介绍了完美腹部训练、完美腿部和臀部训练、完美胸部训练、完美背部和肩部训练、伸展塑造完美线条等内容。 |
| ● |
| 相关链接 |
|
|
|
正题名:Perfect完美身材训练法
索取号:G831.3/W391
 
预约/预借
| 序号 | 登录号 | 条形码 | 馆藏地/架位号 | 状态 | 备注 |
| 1 | 591540 | 205915401 | 社科库409/409社科库 22排2列2层/ [索取号:G831.3/W391] | 在馆 | |
| 2 | 591541 | 205915410 | 社科库409/409社科库 22排2列2层/ [索取号:G831.3/W391] | 在馆 | |
| 3 | 591542 | 205915429 | 社科库409/409社科库 22排2列2层/ [索取号:G831.3/W391] | 在馆 |